All Ontario MPs and Federal Ridings - Statistics

General Stats
  • This quiz has been taken 11 times
  • The average score is 141 of 244
Answer Stats
Riding/MP % Correct
Kingston and the Islands
100%
King—Vaughan
100%
Markham—Stouffville
100%
Markham—Thornhill
100%
Markham—Unionville
100%
Michael Ma
100%
Ottawa—Vanier—Gloucester
100%
Scarborough—Agincourt
100%
Scarborough—Guildwood—Rouge Park
100%
Scarborough—Woburn
100%
Sudbury
100%
Vaughan—Woodbridge
100%
York—Durham
100%
Aurora—Oak Ridges—Richmond Hill
89%
Brampton—Chinguacousy Park
89%
Guelph
89%
Kitchener—Conestoga
89%
London—Fanshawe
89%
Middlesex—London
89%
Mississauga—Lakeshore
89%
Oshawa
89%
Perth—Wellington
89%
Peterborough
89%
Thunder Bay—Rainy River
89%
Thunder Bay—Superior North
89%
Toronto—Danforth
89%
Toronto—St. Paul's
89%
Vincent Neil Ho
89%
Whitby
89%
Windsor—Tecumseh—Lakeshore
89%
Brantford—Brant South—Six Nations
78%
Bruce—Grey—Owen Sound
78%
Cambridge
78%
Chatham-Kent—Leamington
78%
Elgin—St. Thomas—London South
78%
Essex
78%
Etobicoke—Lakeshore
78%
Huron—Bruce
78%
Kapuskasing—Timmins—Mushkegowuk
78%
Kenora—Kiiwetinoong
78%
Kitchener South—Hespeler
78%
London Centre
78%
London West
78%
Mark Carney
78%
Melissa Lantsman
78%
Michael Chong
78%
Mississauga—Erin Mills
78%
Mississauga—Malton
78%
Mississauga—Streetsville
78%
Nate Erskine-Smith
78%
Newmarket—Aurora
78%
Ottawa West—Nepean
78%
Sault Ste. Marie—Algoma
78%
Waterloo
78%
Wellington—Halton Hills North
78%
Windsor West
78%
York South—Weston—Etobicoke
78%
Ajax
67%
Algonquin—Renfrew—Pembroke
67%
Andrew Lawton
67%
Barrie—Springwater—Oro-Medonte
67%
Beaches—East York
67%
Bill Blair
67%
Bowmanville—Oshawa North
67%
Brampton Centre
67%
Brampton North—Caledon
67%
Brampton West
67%
Bruce Fanjoy
67%
Burlington North—Milton West
67%
Carleton
67%
Chrystia Freeland
67%
Don Valley West
67%
Haldimand—Norfolk
67%
Hamilton Centre
67%
Hamilton East—Stoney Creek
67%
Jamil Jivani
67%
Kanata
67%
Karina Gould
67%
Leeds—Grenville—Thousand Islands—Rideau Lakes
67%
Nipissing—Timiskaming
67%
Ottawa South
67%
Oxford
67%
Roman Baber
67%
Sarnia—Lambton—Bkejwanong
67%
Scarborough Centre—Don Valley East
67%
St. Catharines
67%
Stormont—Dundas—Glengarry
67%
Thornhill
67%
Tim Hodgson
67%
University—Rosedale
67%
Yasir Naqvi
67%
Adam Chambers
56%
Alex Ruff
56%
Amandeep Sodhi
56%
Amarjeet Gill
56%
Anita Anand
56%
Anna Roberts
56%
Arpan Khanna
56%
Bay of Quinte
56%
Brampton East
56%
Brampton South
56%
Burlington
56%
Cheryl Gallant
56%
Chris Lewis
56%
Chris Malette
56%
Connie Cody
56%
David McGuinty
56%
Don Valley North
56%
Dufferin—Caledon
56%
Eglinton—Lawrence
56%
Eric Duncan
56%
Eric Melillo
56%
Etobicoke Centre
56%
Etobicoke North
56%
Gaétan Malette
56%
Giovanna Mingarelli
56%
Haliburton—Kawartha Lakes
56%
Hamilton West—Ancaster—Dundas
56%
Harb Gill
56%
Jim Bélanger
56%
John Brassard
56%
Kathy Borrelli
56%
Kitchener Centre
56%
Kyle Seeback
56%
Lanark—Frontenac
56%
Larry Brock
56%
Leslyn Lewis
56%
Maggie Chi
56%
Marcus Powlowski
56%
Mark Gerretsen
56%
Matt Strauss
56%
Michael Barrett
56%
Milton East—Halton Hills South
56%
Nepean
56%
New Tecumseth—Gwillimbury
56%
Niagara Falls—Niagara-on-the-Lake
56%
Ottawa Centre
56%
Parry Sound—Muskoka
56%
Patty Hajdu
56%
Pickering—Brooklin
56%
Rhonda Kirkland
56%
Sandra Cobena
56%
Scott Aitchison
56%
Shafqat Ali
56%
Shelby Kramp-Neuman
56%
Simcoe—Grey
56%
Sudbury East—Manitoulin—Nickel Belt
56%
Terry Sheehan
56%
Tim Louis
56%
Toronto Centre
56%
Viviane Lapointe
56%
Willowdale
56%
York Centre
56%
Adam Van Koeverden
44%
Anita Vandenbeld
44%
Arielle Kayabaga
44%
Bardish Chagger
44%
Barrie South—Innisfil
44%
Ben Lobb
44%
Charles Sousa
44%
Chris Bittle
44%
Costas Menegakis
44%
Dave Epp
44%
Davenport
44%
Dominique O'Rourke
44%
Doug Shipley
44%
Emma Harrison
44%
Flamborough—Glanbrook—Brant North
44%
Hamilton Mountain
44%
Hastings—Lennox and Addington—Tyendinaga
44%
Helena Jaczek
44%
James Maloney
44%
Jenna Sudds
44%
John Nater
44%
John Zerucelli
44%
Julie Dzerowicz
44%
Leslie Church
44%
Lisa Hepfner
44%
Marilyn Gladu
44%
Michael Coteau
44%
Michael Guglielmin
44%
Mississauga Centre
44%
Mississauga East—Cooksville
44%
Mona Fortier
44%
Ned Kuruc
44%
Niagara South
44%
Niagara West
44%
Northumberland—Clarke
44%
Oakville East
44%
Orléans
44%
Pauline Rochefort
44%
Prescott—Russell—Cumberland
44%
Rechie Valdez
44%
Richmond Hill South
44%
Robert Oliphant
44%
Ruby Sahota
44%
Ryan Turnbull
44%
Salma Zahid
44%
Scarborough North
44%
Scarborough Southwest
44%
Scott Reid
44%
Simcoe North
44%
Taiaiako'n—Parkdale—High Park
44%
Vince Gasparro
44%
Yvan Baker
44%
Ali Ehsassi
33%
Aslam Rana
33%
Dan Muys
33%
Dean Allison
33%
Evan Solomon
33%
Gary Anandasangaree
33%
Humber River—Black Creek
33%
Iqwinder Gaheer
33%
Jacob Mantle
33%
Jamie Schmale
33%
Jean Yip
33%
Jennifer McKelvie
33%
Juanita Nathan
33%
Julie Dabrusin
33%
Karim Bardeesy
33%
Kelly DeRidder
33%
Kristina Tesser Derksen
33%
Kurt Holman
33%
Lianne Rood
33%
Maninder Sidhu
33%
Oakville West
33%
Peter Fragiskatos
33%
Philip Lawrence
33%
Scot Davidson
33%
Shaun Chen
33%
Sonia Sidhu
33%
Spadina—Harbourfront
33%
Terry Dowdall
33%
Tony Baldinelli
33%
Ahmed Hussen
22%
Chi Nguyen
22%
Fares Al Soud
22%
Fred Davies
22%
Iqra Khalid
22%
John-Paul Danko
22%
Judy Sgro
22%
Marie-France Lalonde
22%
Sima Acan
22%
Peter Fonseca
11%
No matching quizzes found
Score Distribution
Percent of People with Each Score
Percentile by Number Answered
Your Score History
You have not taken this quiz